Al primer concurs local d'aprenents : celebrat a Sabadell en l'any 1916 celebrat a Sabadell en l'any 1916
Descripción Física:
15 p. ; 16 cm
Otros Autores:
Secretariat d'Aprenentatge (Barcelona)
Materias:
Aprenents -- Catalunya -- Concursos
MARC
| LEADER | 00000nam a2200000Ia 4500 | ||
|---|---|---|---|
| 001 | 17608 | ||
| 008 | 160829s1916 : La Neotipia xx 000 0 cat d | ||
| 080 | |a 3408, exp. 13 | ||
| 100 | |a Concurs Local d'Aprenents (2n : 1916 : Sabadell) |9 48173 | ||
| 245 | |a Al primer concurs local d'aprenents : |b celebrat a Sabadell en l'any 1916 | ||
| 260 | |a Barcelona : |b Secretariat d'Aprenentatge, |c 1916 : La Neotipia | ||
| 300 | |a 15 p. ; |c 16 cm | ||
| 650 | |a Aprenents |x Catalunya |x Concursos |9 47539 | ||
| 700 | |a Secretariat d'Aprenentatge (Barcelona) |9 47541 | ||
| 901 | |a Arxiu | ||
| 942 | |n 1 | ||
| 952 | |0 0 |1 0 |4 0 |6 3408_EXP_13 |7 1 |9 54363 |a Arxiu |b Arxiu |d 2016-12-01 |l 0 |o 3408, exp. 13 |p 17608 |r 2016-12-01 00:00:00 |w 2016-12-01 |y ARXIU | ||
| 999 | |c 58232 |d 58232 | ||